Every Song by Adam and the Ants - Statistics

General Stats
  • This quiz has been taken 7 times
  • The average score is 19 of 48
Answer Stats
Album Song % Correct
Prince Charming(1981) Stand and Deliver
100%
Kings of the Wild Frontier(1980) Antmusic
83%
Prince Charming(1981) Prince Charming
83%
Prince Charming(1981) Ant Rap
67%
Dirk Wears White Sox(1979) Cartrouble
67%
Kings of the Wild Frontier(1980) Dog Eat Dog
67%
Kings of the Wild Frontier(1980) Killer in the Home
67%
Kings of the Wild Frontier(1980) Kings of the Wild Frontier
67%
Kings of the Wild Frontier(1980) Ants Invasion
50%
Kings of the Wild Frontier(1980) Jolly Roger
50%
Non-Album(1982) Plastic Surgery
50%
Kings of the Wild Frontier(US)(1980) Press Darlings
50%
The Very Best Of Adam And The Ants(1999) Young Parisians
50%
Dirk Wears White Sox(Bonus)(1983) Zerox
50%
Dirk Wears White Sox(1979) Animals and Men
33%
Dirk Wears White Sox(1979) Catholic Day
33%
Dirk Wears White Sox(1979) Cleopatra
33%
Dirk Wears White Sox(1979) Day I Met God
33%
Non-Album(1982) Deutscher Girls
33%
Kings of the Wild Frontier(1980) Don't Be Square (Be There)
33%
Kings of the Wild Frontier(Bonus)(2016) Fall In
33%
Kings of the Wild Frontier(1980) Feed Me to the Lions
33%
Prince Charming(1981) Five Guns West
33%
Dirk Wears White Sox(Bonus)(1983) Kick!
33%
Kings of the Wild Frontier(1980) Making History
33%
Kings of the Wild Frontier(Bonus)(2016) Making History
33%
Prince Charming(1981) Mile High Club
33%
Dirk Wears White Sox(1979) Never Trust a Man (With Egg on His Face)
33%
Dirk Wears White Sox(1979) Nine Plan Failed
33%
Dirk Wears White Sox(Bonus)(2004) Physical
33%
Prince Charming(1981) Scorpios
33%
Prince Charming(1981) S.E.X.
33%
Dirk Wears White Sox(1979) Tabletalk
33%
Prince Charming(1981) That Voodoo!
33%
Kings of the Wild Frontier(1980) The Human Beings
33%
Dirk Wears White Sox(1979) The Idea
33%
Kings of the Wild Frontier(1980) The Magnificent Five
33%
Dirk Wears White Sox(Bonus)(1983) Whip in My Valise
33%
Kings of the Wild Frontier(US)(1980) Beat My Guest
17%
Dirk Wears White Sox(1979) Digital Tenderness
17%
Dirk Wears White Sox(1979) Family of Noise
17%
Dirk Wears White Sox(Bonus)(2004) Friends
17%
Kings of the Wild Frontier(1980) Los Rancheros
17%
Prince Charming(1981) Mowhok
17%
Kings of the Wild Frontier(Bonus)(2004) Omelette from Outerspace
17%
Prince Charming(1981) Picasso Visita el Planeta de los Simios
17%
Prince Charming(2004) Showbiz
17%
Prince Charming(2004) Who's a Goofy Bunny Then?
17%
No matching quizzes found
Score Distribution
Percent of People with Each Score
Percentile by Number Answered
Your Score History
You have not taken this quiz